000 01045nam2a22002531 4500
001 rc\4810295
005 20250612190150.0
035 _a(NLR Aleph) 008795830
090 _a8070472
_c8070472
100 _a20130426d1967 |||y0rusy50 ca
101 0 _arus
102 _aRU
105 _ay z |||||
200 0 _a... за 1966 год
_f[Подгот. под руководством Хакимова А.Х.]
210 _d1967
_aБ. м.
215 _a75 с.
333 _aДля служебного пользования. Экз. № 000205
461 0 _1001rc\4810294
_12001#$aСправочник по кадрам ...$fМ-во с. х. УзССР$v... за 1966 год
_98070470
_aУзССР. Министерство сельского хозяйства
_cТашкент
_d1967
_fМ-во с. х. УзССР
_nБ. и.
_tСправочник по кадрам ...
_v... за 1966 год
702 1 _aХакимов
_bА.Х.
_4570
801 0 _aRU
_bNLR
_gpsbo
801 1 _aRU
_bELAR
_2rusmarc
852 _aNLR
_j50к/15239
942 _cBOOK
980 _aNB